Pays organisateurs de la Coupe du monde de handball - Statistiques

Statistiques générales
  • Ce quiz a été pris 120 fois
  • Le résultat moyen est 23 sur 28
Statistiques - réponses
Année Pays % Correct
2019 Allemagne / Danemark
100%
1970 France
100%
2001 France
100%
2017 France
100%
1938 Allemagne
99%
2007 Allemagne
99%
1958 Allemagne de l'Est
99%
1974 Allemagne de l'Est
99%
1961 Allemagne de l'Ouest
99%
1982 Allemagne de l'Ouest
99%
2013 Espagne
96%
1954 Suède
94%
1967 Suède
94%
1993 Suède
94%
2011 Suède
94%
2023 Pologne / Suède
93%
1978 Danemark
85%
2015 Qatar
77%
2009 Croatie
70%
1997 Japon
67%
1999 Egypte
66%
2021 Egypte
66%
1995 Islande
66%
2003 Portugal
64%
1986 Suisse
63%
1964 Tchécoslovaquie
53%
1990 Tchécoslovaquie
53%
2005 Tunisie
41%
Aucun quiz correspondant
Distribution des résultats
% des personnes avec chaque résultat
Percentile par nombre de réponses
Votre historique - résultats
Vous n’avez pas pris ce quiz